000 01105 a2200241 4500
005 20150606020003.0
008 141201b xxu||||| |||| 00| 0 spa d
040 _cCO-BoIH
041 _aspa
090 _aIAVH
_b00393
100 _aRodríguez N., Gina M.
_94934
245 _aEvaluación de la biodiversidad asociada, condiciones socioeconómicas y oportunidades de conservación en un enclave seco del Altiplano cundiboyacense, ventana Villa de Leyva - Sachica
260 _aBogotá
_bEcosistemas Secos de Colombia
_c2005
300 _a81
700 _aVergara C., Katerine
_94938
700 _aReyes, Sandra P.
_94939
700 _aLopera, Margarita
_94940
700 _aFagua , Camilo
_94941
700 _aAlarcón N., Gustavo
_94942
700 _aRojas, Claudia
_94943
773 0 _aRodrg̕uez N., Gina M.
_dBogot Ècosistemas Secos de Colombia Instituto Alexander von Humboldt 2005
_tEvaluacin̤ de la biodiversidad asociada, condiciones socioeconm̤icas y oportunidades de conservacin̤ en un enclave seco del Altiplano cundiboyacense, ventana Villa de Leyva - Sachica
942 _2z
_cINFORME
_01
999 _c8857
_d8857